[Event "Rowy Jantar op-B 11th"]
[Site "Rowy"]
[Date "2002.06.14"]
[Round "7"]
[White "Konieczny, Arkadiusz"]
[Black "Klamann, Marcin"]
[Result "1/2-1/2"]
[WhiteElo "1800"]
[BlackElo "1800"]
[PlyCount "51"]
[EventDate "2002.06.??"]
[EventType "swiss"]
[EventRounds "8"]
[EventCountry "POL"]
[SourceTitle "EXT 2006"]
[Source "ChessBase"]
[SourceDate "2005.11.24"]
[SourceVersion "1"]
[SourceVersionDate "2005.11.24"]
[SourceQuality "1"]

1. d4 d5 2. c4 e6 3. Nc3 Nf6 4. cxd5 exd5 5. Qc2 c6 6. Bg5 Be7 7. e3 h6 8. Bh4 0-0 9. Nf3 Re8 10. Bd3 Nbd7 11. 0-0 Bd6 12. a3 a6 13. b4 Qc7 14. Bg3 Bxg3 15. hxg3 Nf8 16. Ne5 Qd6 17. Rab1 Ng4 18. Nf3 Bd7 19. Qd2 f5 20. a4 b5 21. axb5 axb5 22. Qb2 Ra7 23. Ra1 Rea8 24. Rxa7 Rxa7 25. Rb1 Nh7 26. Ne2 1/2-1/2

[Event "Nachod op 6th"]
[Site "Nachod"]
[Date "2000.??.??"]
[Round "7"]
[White "Cerovsky, Leos"]
[Black "Klamann, Marcin"]
[Result "1-0"]
[WhiteElo "2010"]
[BlackElo "1800"]
[PlyCount "63"]
[EventDate "2000.??.??"]
[EventType "swiss"]
[EventRounds "9"]
[EventCountry "CZE"]
[SourceTitle "EXT 2003"]
[Source "ChessBase"]
[SourceDate "2002.11.25"]
[SourceVersion "1"]
[SourceVersionDate "2002.11.25"]
[SourceQuality "1"]

1. e4 e5 2. Nc3 Bc5 3. Bc4 Nf6 4. d3 h6 5. f4 d6 6. f5 Nc6 7. Nf3 Bd7 8. Na4 Bb6 9. Nxb6 axb6 10. 0-0 Ne7 11. Bb3 c6 12. Kh1 Qc7 13. c3 d5 14. Nxe5 0-0 15. Bf4 Qc8 16. Qf3 dxe4 17. dxe4 c5 18. Rae1 Nc6 19. Ng6 Re8 20. Bd6 Na5 21. Ne7+ Rxe7 22. Bxe7 Nxb3 23. axb3 Nh7 24. e5 Bc6 25. Qg3 Qd7 26. Bf6 Nxf6 27. exf6 g5 28. h4 Qd2 29. hxg5 hxg5 30. Qg4 Bb5 31. c4 Bc6 32. Re2 1-0

[Event "Nachod op 6th"]
[Site "Nachod"]
[Date "2000.??.??"]
[Round "1"]
[White "Friml, Antonin"]
[Black "Klamann, Marcin"]
[Result "1-0"]
[WhiteElo "2165"]
[BlackElo "1800"]
[PlyCount "137"]
[EventDate "2000.??.??"]
[EventType "swiss"]
[EventRounds "9"]
[EventCountry "CZE"]
[SourceTitle "EXT 2003"]
[Source "ChessBase"]
[SourceDate "2002.11.25"]
[SourceVersion "1"]
[SourceVersionDate "2002.11.25"]
[SourceQuality "1"]

1. e4 e5 2. Nf3 Nc6 3. c3 Nf6 4. Qc2 Bc5 5. Be2 0-0 6. 0-0 d5 7. d3 h6 8. b4 Bd6 9. Nbd2 Bg4 10. Re1 d4 11. b5 dxc3 12. bxc6 cxd2 13. Bxd2 bxc6 14. Qxc6 Bxf3 15. Bxf3 Qe7 16. Be3 Nd7 17. Rac1 Nb6 18. g3 Rfd8 19. Red1 Qd7 20. Qc2 Rab8 21. d4 exd4 22. Bxd4 Qe6 23. Qc3 f6 24. Qc2 Rd7 25. Qe2 Re7 26. e5 Bxe5 27. Bxb6 Qxb6 28. Bd5+ Kh8 29. Qd3 Rd8 30. Qf5 Red7 31. Bb3 Rxd1+ 32. Rxd1 Rxd1+ 33. Bxd1 Qb8 34. Bc2 Qg8 35. Bb3 Qf8 36. Qg6 Bd6 37. Bc2 Qg8 38. Kg2 Qd5+ 39. Be4 Qg8 40. g4 Be7 41. h4 f5 42. Bxf5 Bxh4 43. f4 Be7 44. Kh3 Bd6 45. Kg3 a5 46. g5 a4 47. Kg4 a3 48. Be4 Be7 49. Kf3 Bd8 50. gxh6 Bf6 51. Qf5 Bb2 52. Bd5 Qe8 53. Bf7 Qa8+ 54. Bd5 Qe8 55. hxg7+ Kxg7 56. Qg5+ Qg6 57. Qe7+ Kh6 58. Be4 Qg8 59. Qh4+ Kg7 60. Qg5+ Kf8 61. Qd8+ Kg7 62. Qxc7+ Qf7 63. Qd8 Qxa2 64. Bd5 Qa1 65. Qe7+ Kh6 66. Qg5+ Kh7 67. Be4+ Kh8 68. Qh6+ Kg8 69. Bd5# 1-0